000 00839nam a22002177a 4500
999 _c58289
_d58289
003 Ge_BSU
005 20211022130445.0
008 211022s2002 ge ||||| |||| 00| 0 geo d
020 _a9994073788
041 _ageo
080 _a811.353.1'351+811.353.1-8(076.1) გ-12
100 _aგაბაშვილი, ნინო
_912721
245 _aასო-ბგერიდან წინადადებამდე /
_cნინო გაბაშვილი.
264 _aთბ. :
_bაწმყო,
_c2002.
300 _a200 გვ. :
_bილ. ;
_c28 სმ.
500 _aქსეროასლი
504 _aბიბლიოგრ.: გვ. 202.
653 _aქართული ანბანი
653 _aსავარჯიშოები ქართულ ენაში
942 _2udc
_cBK